000 004330000a22001810004500
003 MACL
005 20160123143248.0
008 160123b xxu||||| |||| 00| 0 eng d
040 _aMACL
_cMACL
041 _aEnglish
082 _a539.709/SIN
100 _aSingh, Jasjit
_915947
245 _aNuclear India
260 _bKnowledge World
_c1998
_aNew Delhi
350 _a495
650 _aPhysics
_934315
942 _cBK
_k539/Sin
_2ddc
999 _c33186
_d33186